[ வௌிநாட்டுக் கடன்கள் நீக்குதல்]. 2025 ஆம் ஆண்டின் 6 ஆ ம் இலக்க, வௌிநாட்டுக் கடன்கள் (நீக்குதல்) சட்டம் /
2025 am andin 6. aam illakka Velinattu kadankal...
Saved in:
| Format: | Book |
|---|---|
| Language: | Sinhalese |
| Published: |
கொழும்பு :
அரசாங்க வெளியீட்டலுவலகம்,
2025.
|
| Series: | இலங்கைச் சட்டம் : 6, 2025.)
|
| Tags: |
Add Tag
No Tags, Be the first to tag this record!
|
MARC
| LEADER | 00000nam a22000007a 4500 | ||
|---|---|---|---|
| 003 | LK-CoNLD | ||
| 005 | 20260210130227.0 | ||
| 008 | 260210b xxu||||| |||| 00| 0 sin d | ||
| 015 | |2 slnb | ||
| 017 | |a 504662 |b LK-CoDNA | ||
| 040 | |a LK-CoNLD |b TAM |c LK-CoNLD |d LK-CoNLD | ||
| 082 | |2 23 |q LK-CoNLD |a 344.040262 | ||
| 245 | |6 880-1 |a [ வௌிநாட்டுக் கடன்கள் நீக்குதல்]. |b 2025 ஆம் ஆண்டின் 6 ஆ ம் இலக்க, வௌிநாட்டுக் கடன்கள் (நீக்குதல்) சட்டம் / |c இலங்கை. | ||
| 260 | |a கொழும்பு : |b அரசாங்க வெளியீட்டலுவலகம், |c 2025. | ||
| 300 | |a ப. 2 ; | ||
| 490 | |a இலங்கைச் சட்டம் : 6, 2025.) | ||
| 500 | |a 2025 ஆம் ஆண்டு மே மாதம் 23 ஆம் திகதியன்று அரசினர் ஆணைப்படி அச்சிடப்பட்டது. | ||
| 880 | |6 245-1 |a 2025 am andin 6. aam illakka Velinattu kadankal... | ||
| 942 | |c PARLACT | ||
| 945 | |a 22 |b Logeshwary RAMASAMY |c 22 |d Logeshwary RAMASAMY | ||
| 999 | |c 297366 |d 297366 | ||